000 01019nam a22003137a 4500
001 6295
003 FISKH
005 20250409140753.0
008 250409b cb ||||| |||| 00| 0 eng d
020 _a0590466380
040 _aDLC
_cDLC
_beng
050 _aPZ7.K6797 H
082 _a049
100 1 _aKline, Suzy
_d(1943-)
245 1 0 _aHorrible Harry and the Christmas surprise /
_cby Suzy Kline ; pictures by Frank Remkiewicz.
250 _aThis edition first published in 1993
260 _aNew York :
_bScholastic,
_c1991.
300 _a54 pages :
_billustrations ;
_c20 cm.
505 _aP
520 _aWhen their teacher ends up in the hospital, the members of class 2B find a way to include her in their holiday celebration.
521 8 _a610
_bLexile
521 8 _aP
_bRaz-Plus
650 1 _aSchools
_xFiction.
650 1 _aChristmas
_xFiction.
700 1 _aRemkiewicz, Frank,
_eillustrator
906 _a7
_bcbc
_corignew
_d3
_eocip
_f19
_gy-gencatlg
942 _2ddc
_cBK
_n0
999 _c6295
_d6295